000 00660nam a2200241Ia 4500
003 OSt
005 20221007102535.0
006 a|||||r|||| 00| 0
007 ta
008 221006b |||||||| |||| 00| 0 eng d
024 _a10,623
037 _cReference Collections
040 _aLCO
_cLCO
_beng
041 _2eng
_aeng
082 _aV2:50bz,81, L4
100 _aRay S.N.
245 0 _aJudicial Review and Fundamental Rights
260 _aCalcutta
_bEastern Law House India
_c1974
300 _a346
650 _aJudicial Review
_9439791
942 _hV2:50bz,81, L4
_cREF
999 _c1180186
_d1180186